Online Catalogue and eLibrary

Sacredsecular (Record no. 5683)

MARC details
000 -LEADER
fixed length control field 00405nam a2200157Ia 4500
005 - DATE AND TIME OF LATEST TRANSACTION
control field 20240719022108.0
008 - FIXED-LENGTH DATA ELEMENTS--GENERAL INFORMATION
fixed length control field 240331s9999 xx 000 0 und d
020 ## - INTERNATIONAL STANDARD BOOK NUMBER
ISBN 9780415484480
082 ## - DDC Classification
Item Number - Author Mark MAN
Class No. 271
100 ## - MAIN ENTRY--PERSONAL NAME
Personal name Mani,L
245 #0 - TITLE STATEMENT
Title Sacredsecular
Remainder of title Contemplative Cultural Critique
Statement of responsibility, etc. Lata Mani
260 ## - PUBLICATION, DISTRIBUTION, ETC.
Place of publication, distribution, etc. New Delhi
Name of publisher, distributor, etc. Routledge
Date of publication, distribution, etc. 2009
300 ## - PHYSICAL DESCRIPTION
Extent (e.g. Volumes, Pages etc.) x, 223 p .,
650 ## - SUBJECT ADDED ENTRY--TOPICAL TERM
Topical term or geographic name entry element Culture
942 ## - Koha item type (Biblio)
Koha item type Books in Stacks (Lending)
Holdings
Lost status Damaged status Collection code Home library Current library Shelving location Date acquired Full call number Accession Number Item type
    Lending WERC Library WERC Library Social Science Cupboard 03/31/2024 271 MAN 6670 Books in Stacks (Lending)

© WERC Library